书目信息 |
| 题名: |
海洋空间利用
|
|
| 作者: | 李杰等 | |
| 分册: | ||
| 出版信息: | 北京 知识出版社 |
|
| 页数: | 168开 | |
| 开本: | ||
| 丛书名: | ||
| 单 册: | ||
| 中图分类: | P756.8-49 | |
| 科图分类: | ||
| 主题词: | 海洋工程 | |
| 电子资源: | ||
| ISBN: | 7-5015-1843-2 | |
| 000 | 00514nam0 2200193 45 | |
| 001 | 0010241886 | |
| 005 | 20001024184655.8 | |
| 010 | @a7-5015-1843-2@d8.00元 | |
| 100 | @a20001024d km y0chiy0120 ea | |
| 101 | 0 | @achi |
| 105 | @a z 000yy | |
| 200 | 1 | @a海洋空间利用@AHai Yang Kong Jian Li Yong@f李杰等@FLi Jie Deng |
| 210 | @a北京@c知识出版社 | |
| 215 | @a168开 | |
| 606 | 0 | @a海洋工程 |
| 690 | @aP756.8-49@v3 | |
| 701 | 0 | @a李杰等 |
| 801 | @aCN@bPftUser@c20001024 | |
| 905 | @b186591-595@dP756.8-49@eL373@f5 | |
| 海洋空间利用/李杰等.-北京:知识出版社 |
| 168开 |
| ISBN 7-5015-1843-2:8.00元 |
| ● |
| 相关链接 |
|
|
|
正题名:海洋空间利用
索取号:P756.8-49/L373
 
预约/预借
| 序号 | 登录号 | 条形码 | 馆藏地/架位号 | 状态 | 备注 |
| 1 | 186591 | 201865918 | 自科库401/401自科库 134排2列6层/ [索取号:P756.8-49/L373] | 在馆 | |
| 2 | 186592 | 201865927 | 自科二线504/504自科库 47排3列4层/ [索取号:P756.8-49/L373] | 在馆 | |
| 3 | 186593 | 201865936 | 自科二线504/504自科库 47排3列4层/ [索取号:P756.8-49/L373] | 在馆 | |
| 4 | 186594 | 201865945 | 期刊室512/401自科库 130排2列6层/ [索取号:P756.8-49/L373] | 在馆 | |
| 5 | 186595 | 201865954 | 自科库401/401自科库 134排2列6层/ [索取号:P756.8-49/L373] | 在馆 |